[Event "Goodricke op 05th"]
[Site "Kolkata"]
[Date "1994.??.??"]
[Round "5"]
[White "Wajih, G."]
[Black "Prasad, Devaki V"]
[Result "0-1"]
[WhiteElo "2200"]
[BlackElo "2445"]
[PlyCount "100"]
[EventDate "1994.02.??"]
[EventType "swiss"]
[EventRounds "11"]
[EventCountry "IND"]
[SourceTitle "CBM 039 Extra"]
[Source "ChessBase"]
[SourceDate "1994.05.01"]
[SourceVersion "1"]
[SourceVersionDate "1994.05.01"]
[SourceQuality "1"]

1. g3 d5 2. Bg2 c5 3. Nf3 Nc6 4. 0-0 Nf6 5. d3 e6 6. Nbd2 g6 7. c3 Bg7 8. e4 0-0 9. Re1 Qc7 10. Qe2 b6 11. Nf1 Ba6 12. Bf4 e5 13. exd5 exf4 14. dxc6 Rae8 15. Qc2 Bb5 16. d4 Bxc6 17. Rad1 Qb7 18. N1d2 cxd4 19. cxd4 Ng4 20. Qc3 fxg3 21. hxg3 Rc8 22. Qd3 Rcd8 23. Ne4 Rfe8 24. Nc3 Ne5 25. Nxe5 Bxg2 26. d5 Bh3 27. f4 Qc7 28. Kh2 Bf5 29. Qd4 Bf8 30. Nb5 Qc2+ 31. Rd2 Qc5 32. Qxc5 Bxc5 33. a3 f6 34. b4 Bd6 35. Nc6 Rxe1 36. Nxd8 Be4 37. Kh3 Bf8 38. g4 a6 39. Nc7 Re3+ 40. Kh2 Bd6 41. Nde6 Kf7 42. g5 f5 43. Kg1 Rxa3 44. b5 a5 45. Na8 Rd3 46. Rxd3 Bxd3 47. Nxb6 Bxb5 48. Nc8 Bb4 49. Nd8+ Ke8 50. Ne6 Bd7 0-1